000 00470nam a2200205Ia 4500
003 GCL
040 _aGCL /
_cGCL
082 0 4 _a738.5
_bR G
100 1 _aRODEL, WERNER
245 1 0 _aGDR - CULTURE MOSAIC /
_cRODEL, WERNER
700 1 _aKAHLE, MANFRED
260 _a[S.N] :
_bVERLAG ZEIT IM BILD DRESDEN ،
_c1966
300 _a95 P
650 0 4 _aLITERATURE
650 0 4 _aDRAWING
650 0 4 _aMOSAICS
650 0 4 _aMUSIC
650 0 4 _aFILMS
942 _2ddc
_cBK
999 _c15293
_d15293